|
|
|
|
| LEADER |
00000nab#a22000007a#4500 |
| 001 |
arbauad026722 |
| 003 |
AR-BaUAD |
| 005 |
20250711112211.0 |
| 008 |
970508|||||||||###||||||b###|0###a|spa|| |
| 040 |
|
|
|a AR-BaUAD
|c AR-BaUAD
|b spa
|
| 245 |
1 |
0 |
|a Hotel Park Hyatt, Buenos Aires
|
| 300 |
0 |
|
|b cortes, fot., plantas, vistas
|
| 653 |
|
|
|a ARGENTINA
|
| 653 |
|
|
|a HOTELES
|
| 653 |
|
|
|a HOTEL PARK HYATT
|
| 653 |
|
|
|a SEPRA
|
| 653 |
|
|
|a SANCHEZ ELIA, SANTIAGO
|
| 653 |
|
|
|a PERALTA RAMOS, FEDERICO
|
| 653 |
|
|
|a AGOSTINI, ALFREDO
|
| 653 |
|
|
|a ARQUITECTURA HOTELERA
|
| 653 |
|
|
|a ESTRUCTURAS DE HORMIGON ARMADO
|
| 653 |
|
|
|a ACUSTICA ARQUITECTONICA
|
| 653 |
|
|
|a AIRE ACONDICIONADO
|
| 653 |
|
|
|a ASCENSORES
|
| 653 |
|
|
|a INSTALACIONES ELECTRICAS
|
| 653 |
|
|
|a TRANSPORTE VERTICAL
|
| 773 |
0 |
|
|t SUMMA
|g no. 282-283 [feb.-mar. 1991], p. 60-70
|
| 942 |
|
|
|c ARTI
|
| 952 |
|
|
|0 0
|1 0
|4 0
|7 0
|9 71641
|a AR-BAuAD
|b AR-BAuAD
|d 2025-07-11
|l 0
|p AAQA026722
|r 2025-07-11 11:22:11
|w 2025-07-11
|y ARTI
|
| 990 |
|
|
|a AQ199
|b TD
|
| 998 |
|
|
|a AAQ
|b BIBUN76
|
| 999 |
|
|
|c 51314
|d 51314
|